| 000 | 00384nam a2200157Ia 4500 | ||
|---|---|---|---|
| 008 | 210716s1999 xx 000 0 und d | ||
| 020 | _a817371231X | ||
| 041 | _aeng | ||
| 082 | _a658.3 THOR | ||
| 100 | _aThomso Rosemary. | ||
| 245 | _aPeople management. | ||
| 250 | _a1 | ||
| 260 |
_aHyderabad _bUniversities Press _c1999 |
||
| 300 | _a232 | ||
| 650 | _aHuman Resource Management | ||
| 999 |
_c198875 _d198875 |
||